000 00793cam a2200265u 4500
001 4482
003 BD-RjUL
005 20211208233911.0
008 131222r19541935enk 001 0 eng d
035 _a(BD-RjUL)4517
040 _aDLC
_cCarP
_dDLC
_d(BD-RjUL)
_beng
041 _aeng
082 0 0 _a320
_bROH
100 1 _aRow, Ernest Frederic,
_d1883- [from old catalog]
_914169
245 1 0 _aHow States are governed :
_ba guide to the salient features of modern constitutions /
_cRow, Ernest Frederic
250 _a3d ed.
260 _aLondon :
_bPitman,
_c1935 [Reprent 1954]
300 _a102 p.;
_c20 cm.
504 _aIncludes Index
650 0 _aPolitical science.
_914170
650 0 _aConstitutions.
_914171
942 _2ddc
_cBK
999 _c4482
_d4482